<?xml version="1.0" encoding="UTF-8"?>
<record
    xmlns:xsi="http://www.w3.org/2001/XMLSchema-instance"
    xsi:schemaLocation="http://www.loc.gov/MARC21/slim http://www.loc.gov/standards/marcxml/schema/MARC21slim.xsd"
    xmlns="http://www.loc.gov/MARC21/slim">

  <leader>00684nam a22001937a 4500</leader>
  <controlfield tag="005">20260218120434.0</controlfield>
  <controlfield tag="008">260218b        |||||||| |||| 00| 0 eng d</controlfield>
  <datafield tag="020" ind1=" " ind2=" ">
    <subfield code="a">9789393875877</subfield>
  </datafield>
  <datafield tag="040" ind1=" " ind2=" ">
    <subfield code="c">VITAP</subfield>
  </datafield>
  <datafield tag="082" ind1=" " ind2=" ">
    <subfield code="2">23</subfield>
    <subfield code="a">520 SUB</subfield>
  </datafield>
  <datafield tag="100" ind1=" " ind2=" ">
    <subfield code="a">Subraminaan, T.S Ed.</subfield>
    <subfield code="9">17072</subfield>
  </datafield>
  <datafield tag="245" ind1=" " ind2=" ">
    <subfield code="a">ISRO: Exploring New Frontiers</subfield>
    <subfield code="b">: To The Moon The Sun &amp; Beyond</subfield>
    <subfield code="c">/ T.S. Subramanian Ed.</subfield>
  </datafield>
  <datafield tag="260" ind1=" " ind2=" ">
    <subfield code="a">Chennai</subfield>
    <subfield code="b">THG Publishing Pvt Ltd.</subfield>
    <subfield code="c">2024</subfield>
  </datafield>
  <datafield tag="300" ind1=" " ind2=" ">
    <subfield code="a">356p, ill.: 25cm</subfield>
  </datafield>
  <datafield tag="650" ind1=" " ind2="0">
    <subfield code="a">History of ISRO, Launch Vehicles, Satellite Programmes, Lunar Missions, Mars Mission, Solar Mission etc.</subfield>
    <subfield code="9">17075</subfield>
  </datafield>
  <datafield tag="700" ind1=" " ind2=" ">
    <subfield code="a">Kirubanidhi, K Ed.</subfield>
    <subfield code="9">17076</subfield>
  </datafield>
  <datafield tag="700" ind1=" " ind2=" ">
    <subfield code="a">Krithika, R Ed.</subfield>
    <subfield code="9">17077</subfield>
  </datafield>
  <datafield tag="942" ind1=" " ind2=" ">
    <subfield code="2">ddc</subfield>
    <subfield code="c">BK</subfield>
  </datafield>
  <datafield tag="999" ind1=" " ind2=" ">
    <subfield code="c">47268</subfield>
    <subfield code="d">47268</subfield>
  </datafield>
  <datafield tag="952" ind1=" " ind2=" ">
    <subfield code="0">0</subfield>
    <subfield code="1">0</subfield>
    <subfield code="2">ddc</subfield>
    <subfield code="3">Hard Bound</subfield>
    <subfield code="4">0</subfield>
    <subfield code="7">1</subfield>
    <subfield code="8">REF</subfield>
    <subfield code="a">VSB</subfield>
    <subfield code="b">VITAP</subfield>
    <subfield code="c">GEN</subfield>
    <subfield code="d">2026-01-12</subfield>
    <subfield code="e">The Hindu Group of Publications</subfield>
    <subfield code="g">2999.00</subfield>
    <subfield code="i">9001173329</subfield>
    <subfield code="l">0</subfield>
    <subfield code="o">520 SUB</subfield>
    <subfield code="p">025491</subfield>
    <subfield code="r">2026-02-18 12:08:00</subfield>
    <subfield code="v">2999.00</subfield>
    <subfield code="w">2026-01-12</subfield>
    <subfield code="y">REF</subfield>
    <subfield code="z">GEN</subfield>
  </datafield>
  <datafield tag="952" ind1=" " ind2=" ">
    <subfield code="0">0</subfield>
    <subfield code="1">0</subfield>
    <subfield code="2">ddc</subfield>
    <subfield code="3">Hard Bound</subfield>
    <subfield code="4">0</subfield>
    <subfield code="7">0</subfield>
    <subfield code="a">VSB</subfield>
    <subfield code="b">VITAP</subfield>
    <subfield code="c">GEN</subfield>
    <subfield code="d">2026-01-12</subfield>
    <subfield code="e">The Hindu Group of Publications</subfield>
    <subfield code="g">2999.00</subfield>
    <subfield code="i">9001173329</subfield>
    <subfield code="l">0</subfield>
    <subfield code="o">520 SUB</subfield>
    <subfield code="p">025492</subfield>
    <subfield code="r">2026-02-18 12:08:00</subfield>
    <subfield code="v">2999.00</subfield>
    <subfield code="w">2026-01-12</subfield>
    <subfield code="y">BK</subfield>
    <subfield code="z">GEN</subfield>
  </datafield>
</record>
